AC Milan - Tous les Joueurs (2015-2026) - Statistiques

Statistiques générales
  • Ce quiz a été pris 697 fois
    5 depuis la dernière actualisation
  • Le résultat moyen est 40 sur 118
Statistiques - réponses
Matchs Période Nationalité Joueur % Correct
247 2015-2022 Italie Alessio Romagnoli
100%
272 2015-2025 Italie Davide Calabria
100%
214 2021- Angleterre Fikayo Tomori
100%
223 2017-2022 Côte d'Ivoire Franck Kessié
100%
180 2019- Algérie Ismaël Bennacer
100%
132 2021-2024 France Olivier Giroud
100%
291 2019- Portugal Rafael Leao
100%
262 2019-2025 France Théo Hernandez
100%
32 2025- France Adrien Rabiot
80%
180 2020- Belgique Alexis Saelemaekers
80%
124 2020-2023 Maroc Brahim Diaz
80%
172 2017-2021 Turquie Hakan Çalhanoglu
80%
37 2025- Croatie Luka Modric
80%
204 2021- France Mike Maignan
80%
100 2023- Angleterre Ruben Loftus-Cheek
80%
113 2018-2022 Espagne Samu Castillejo
80%
104 2023-2025 Pays-Bas Tijjani Reijnders
80%
163 2010-2023 Suède Zlatan Ibrahimovic
80%
77 2021-2025 Italie Alessandro Florenzi
60%
41 2017-2020 Portugal André Silva
60%
123 2019-2023 Croatie Ante Rebic
60%
77 2015-2018 Colombie Carlos Bacca
60%
40 2022-2024 Belgique Charles De Ketelaere
60%
134 2023- États-Unis Christian Pulisic
60%
35 2025- France Christopher Nkunku
60%
35 2018-2021 Uruguay Diego Laxalt
60%
251 2015-2021 Italie Gianluigi Donnarumma
60%
46 2014-2016 France Jérémy Ménez
60%
92 2014-2017 Japon Keisuke Honda
60%
51 2017-2018 Italie Leonardo Bonucci
60%
85 2022-2025 Allemagne Malick Thiaw
60%
11 2021 Croatie Mario Mandzukic
60%
75 2017-2021 Argentine Mateo Musacchio
60%
112 2020-2025 France Pierre Kalulu
60%
93 2017-2020 Suisse Ricardo Rodriguez
60%
158 2012-2019 Italie Riccardo Montolivo
60%
70 2023-2025 Nigéria Samuel Chukwueze
60%
130 2020-2023 Italie Sandro Tonali
60%
121 2020-2024 Danemark Simon Kjaer
60%
44 2014-2015 France Adil Rami
40%
34 2023-2025 Espagne Alex Jiménez
40%
25 2024-2025 Espagne Álvaro Morata
40%
36 2022-2024 Belgique Divock Origi
40%
306 2003-2019 Italie Ignazio Abate
40%
21 2025 Portugal Joao Félix
40%
41 2019-2020 Pologne Krzysztof Piatek
40%
143 2017- Italie Matteo Gabbia
40%
114 2011-2016 France Philippe Mexès
40%
73 2024- Serbie Strahinja Pavlovic
40%
153 2015-2020 Espagne Suso
40%
88 2024- France Youssouf Fofana
40%
17 2025- Suisse Ardon Jashari
20%
10 2022-2023 Belgique Aster Vranckx
20%
37 2020-2023 Roumanie Ciprian Tatarusanu
20%
148 2012-2019 Colombie Cristian Zapata
20%
48 2023- Italie Davide Bartesaghi
20%
37 2014-2017 Espagne Diego Lopez
20%
26 2024-2025 Brésil Emerson Royal
20%
75 2017-2020 Italie Fabio Borini
20%
18 2017 Espagne Gerard Deulofeu
20%
184 2014-2020 Italie Giacomo Bonaventura
20%
19 2016-2017 Argentine José Sosa
20%
68 2021-2024 Brésil Junior Messias
20%
29 2025- Belgique Koni De Winter
20%
16 2025 Angleterre Kyle Walker
20%
70 2017-2020 Argentine Lucas Biglia
20%
44 2019-2020 Brésil Lucas Paqueta
20%
47 2023-2025 Serbie Luka Jovic
20%
77 2013-2016 Italie Mario Balotelli
20%
27 2016-2017 Croatie Mario Pasalic
20%
13 2016-2017 Chili Matías Fernandez
20%
133 2011-2017 Italie Mattia De Sciglio
20%
79 2012-2018 Sénégal M'Baye Niang
20%
96 2012-2016 Pays-Bas Nigel De Jong
20%
41 2017-2018 Croatie Nikola Kalinic
20%
54 2023-2025 Suisse Noah Okafor
20%
13 2018-2020 Espagne Pepe Reina
20%
22 2025- Équateur Pervis Estupinan
20%
139 2019-2024 Bosnie-Herzégovine Rade Krunic
20%
37 2025- Mexique Santiago Giménez
20%
102 2011-2016 Italie Stephan El Shaarawy
20%
44 2024-2025 Angleterre Tammy Abraham
20%
63 2018-2023 France Tiémoué Bakayoko
20%
39 2021-2025 France Yacine Adli
20%
82 2023-2025 États-Unis Yunus Musah
20%
33 2015-2016 Italie Alessio Cerci
0%
48 2014-2016 Brésil Alex
0%
52 2015-2019 Italie Andrea Bertolacci
0%
52 2017-2022 Italie Andrea Conti
0%
109 2013-2017 Italie Andrea Poli
0%
96 2011-2016 Italie Antonio Nocerino
0%
33 2020-2021 Portugal Diogo Dalot
0%
26 2021-2025 Sénégal Fodé Ballo-Touré
0%
16 2023-2025 Italie Francesco Camarda
0%
47 2015-2018 Italie Gabriel Paletta
0%
86 2012-2015 Italie Giampaolo Pazzini
0%
29 2016-2018 Pérou Gianluca Lapadula
0%
22 2018-2019 Argentine Gonzalo Higuaín
0%
20 2016-2019 Paraguay Gustavo Gomez
0%
21 2015-2019 Italie José Mauri
0%
67 2015-2017 Slovaquie Juraj Kucka
0%
15 2016-2017 Argentine Leonel Vangioni
0%
11 2020-2025 Italie Lorenzo Colombo
0%
69 2006-2018 Italie Luca Antonelli
0%
12 2017 Argentine Lucas Ocampos
0%
36 2015-2017 Brésil Luiz Adriano
0%
63 2015-2019 Italie Manuel Locatelli
0%
12 2023-2025 Italie Marco Sportiello
0%
18 2014-2015 Pays-Bas Marco van Ginkel
0%
15 2015 Italie Mattia Destro
0%
20 2026- Allemagne Niclas Füllkrug
0%
90 2017-2019 Italie Patrick Cutrone
0%
34 2025- Italie Samuele Ricci
0%
14 2022-2023 États-Unis Sergino Dest
0%
21 2021 France Soualiho Meïté
0%
83 2012-2015 Ghana Sulley Muntari
0%
43 2018-2025 Italie Tommaso Pobega
0%
29 2025- Suisse Zachary Athekame
0%
Aucun quiz correspondant
Distribution des résultats
% des personnes avec chaque résultat
Percentile par nombre de réponses
Votre historique - résultats
Vous n’avez pas pris ce quiz depuis la dernière actualisation